00634nam a2200193Ia 4500008004100000020001800041082001500059100002200074245003500096250000800131260003500139300003000174500001900204600003300223650002800256942000700284952013200291999001700423240925s9999 xx 000 0 und d a9780230425804 a428.34 PRE aPreshous, Andrew 0aIELTS Foundation Teachers Book a2nd aCalifornia:bMacmillanc,2004. axiii, 223p.bNAfOriginal aIncludes Index aHumanities & Natural Science aEnglish and Old English cBK 001040708HUMaUITUbUITUd2018-07-12eShahid Book Centerg440.00l0o428.34 PREpQ12455r2024-09-25 07:16:30w2024-09-25yBK c14954d14954